Reading is Fundamental - Statistics

General Stats
  • This quiz has been taken 15 times
    7 since last reset
  • The average score is 14 of 28
Answer Stats
Season Answer % Correct
RPDR 2 Jujubee
100%
All Stars 5 Jujubee
100%
RPDR 4 Latrice Royale
100%
All Stars 4 Latrice Royale
100%
All Stars 3 BendelaCreme
83%
RPDR 10 Eureka
83%
RPDR 3 Shangela Laquifa Wadley
83%
RPDR 5 Alaska Thunderf*ck 5000
67%
All Stars 2 Alaska Thunderf*ck 5000
67%
All Stars 5 Blair St. Clair
67%
All Stars 1 Team Yarlexis
67%
RPDR 9 Valentina
67%
RPDR 8 Bob the Drag Queen
50%
RPDR 11 Brooke Lynn Hytes
50%
RPDR 13 Gottmik
50%
CDR Lemon
50%
RPDR 7 Trixie Mattel
50%
RPDR 6 Darienne Lake
33%
All Stars 6 Ginger Minj
33%
DRES Pupi Poison
33%
DRDU Art Simone
17%
DRUK1 Crystal
17%
DRH1 Mama Queen
17%
DRH1 Sederginne
17%
DRUK2 Sister Sister
17%
DRTH1 Amadiva
0%
DRH2 My Little Puny
0%
DRTH2 Tormai
0%
No matching quizzes found
Score Distribution
Percent of People with Each Score
Percentile by Number Answered
Your Score History
You have not taken this quiz since the last reset